Cien poemas para hablar con Dios en español : antología de poesía religiosa /

Gorde:
Xehetasun bibliografikoak
Egile nagusia: Bañuelos, Raúl (antología)
Beste egile batzuk: Brú Tomàs, José (antología) (antología), Medina, Dante (antología) (antología)
Formatua: Liburua
Hizkuntza:gaztelania
Argitaratua: Guadalajara, México : Gobierno del Estado de Jalisco, Secretaría de Cultura, 2008, c2008
Etiketak: Etiketa erantsi
Etiketarik gabe, Izan zaitez lehena erregistro honi etiketa jartzen!

MARC

LEADER 00000nam^a2200000^a^4500
001 000616380
005 20250626000000.0
009 20260310133720.182
037 |a Acervo ITESO - Biblioteca 
041 |a ESP 
091 |a FGU. 00021 
100 |a Bañuelos, Raúl  |e (antología) 
245 1 0 |a Cien poemas para hablar con Dios en español :  |b antología de poesía religiosa / 
264 4 |a Guadalajara, México :  |b Gobierno del Estado de Jalisco, Secretaría de Cultura,  |c 2008, c2008 
300 |a 139 p. 
336 |a texto  |b txt  |2 rdacontenido 
337 |a sin mediación  |b n  |2 rdamedio 
338 |a volumen  |b nc  |2 rdasoporte 
649 |a XX 
700 |a Brú Tomàs, José  |e (antología) 
700 |a Medina, Dante  |e (antología) 
910 |a Fondo Guadalupe Morfín Otero 
920 |a Impresos - Libros 
930 |a Fondos Especiales 
940 |a Literatura 
905 |a 146 
901 |a 616380-10  |b IT2  |c ESP  |i D  |u 20250626 
902 |a https://opac.biblio.iteso.mx/vufind/Record/000616380